Psicología general /

Guardado en:
Autor Principal: Bollini, H. M. T.
Formato: Libro
Publicado: Buenos Aires : Stella, 1955
Edición:6a. ed.
Etiquetas: Agregar Etiqueta
Sin Etiquetas, Sea el primero en etiquetar este registro!
LEADER 00470nam a22001695a 4500
001 CEM.cems001121
005 20060213000000.0
008 130507s1955##################000#0#####d
003 CEMS
082 0 4 |a 150 
100 1 |a Bollini, H. M. T. 
245 1 0 |a Psicología general / 
250 |a 6a. ed. 
260 |a Buenos Aires :  |b Stella,  |c 1955 
300 |a 218 p. 
505 0 |a e Binet- Simon;escala Terman Merrid (1937) 
859 |a CEMS  |b BIB. CEMS - 11 de abril  |h 150  |i B638a6  |p 5195.76  |t Ej.1